MARC

LEADER 00000nam0a2200000 4500
001 122497
005 20231101215740.0
035 |a (RuTPU)RU\TPU\book\132626 
090 |a 122497 
100 |a 20071004d1973 m y0rusy50 ca 
101 0 |a rus 
102 |a RU 
105 |a a z 000zb 
200 1 |a Альбом репродукций  |f П. П. Рубенс  |g Государственный Эрмитаж ; авт. предисл. М. Я. Варшавская 
210 |a Москва  |c Изобразительное искусство  |d 1973 
215 |a 28 с.  |c ил. 
225 1 |a Образ и цвет 
600 1 |a Рубенс  |g Питер Пауэл  |b П. П.  |c фламандский живописец  |f 1577-1640  |2 stltpush  |3 (RuTPU)RU\TPU\pers\890 
606 1 |a Живопись  |2 stltpush  |3 (RuTPU)RU\TPU\subj\73461  |9 86457 
610 1 |a фламандская живопись 
610 1 |a 17 век 
610 1 |a альбомы 
675 |a 75  |v 3 
700 1 |a Рубенс  |b П. П.  |c фламандский живописец  |f 1577-1640  |g Питер Пауэл  |2 stltpush  |3 (RuTPU)RU\TPU\pers\890  |9 396 
702 1 |a Варшавская  |b М. Я.  |g Мария Яковлевна  |4 080 
712 0 2 |a Государственный Эрмитаж  |2 stltpush  |3 (RuTPU)RU\TPU\col\5345  |9 24087 
801 1 |a RU  |b 63413507  |c 20071004  |g PSBO 
801 2 |a RU  |b 63413507  |c 20200529  |g PSBO 
942 |c BK